000 00345nam a22001457a 4500
005 20160519152452.0
008 160519b xxu||||| |||| 00| 0 eng d
041 _aeng
082 _b3301
100 _aVerma H.C.
_9816
245 _aConcepts of Physics
260 _bBharti Bhawan Pub.
_c1993
650 _aDIPLOMA ENGINEERING
_9817
942 _cBK
999 _c1123
_d1123